Sự phát triển của tư tưởng ở Việt Nam từ thế kỷ XIX đến Cách mạng tháng Tám
में बचाया:
| मुख्य लेखक: | |
|---|---|
| स्वरूप: | पुस्तक |
| भाषा: | Undetermined |
| प्रकाशित: |
Tp. HCM
Nxb. Tp. HCM
1993
|
| विषय: | |
| टैग : |
टैग जोड़ें
कोई टैग नहीं, इस रिकॉर्ड को टैग करने वाले पहले व्यक्ति बनें!
|
| Thư viện lưu trữ: | Trung tâm Học liệu Trường Đại học Cần Thơ |
|---|
| LEADER | 00562nam a2200169Ia 4500 | ||
|---|---|---|---|
| 001 | CTU_10940 | ||
| 008 | 210402s9999 xx 000 0 und d | ||
| 082 | |a 959.703 | ||
| 082 | |b Gi111s/T2 | ||
| 100 | |a Trần, Văn Giàu | ||
| 245 | 0 | |a Sự phát triển của tư tưởng ở Việt Nam từ thế kỷ XIX đến Cách mạng tháng Tám | |
| 245 | 0 | |c Trần Văn Giàu | |
| 260 | |a Tp. HCM | ||
| 260 | |b Nxb. Tp. HCM | ||
| 260 | |c 1993 | ||
| 650 | |a vietnam - history | ||
| 980 | |a Trung tâm Học liệu Trường Đại học Cần Thơ | ||